| 000 | 01074nam0a22002651 4500 | ||
|---|---|---|---|
| 001 | v19\rc\1580359 | ||
| 005 | 20260407144013.0 | ||
| 035 | _a(NLR Aleph) 004707291 | ||
| 090 |
_a4150892 _c4150892 |
||
| 100 | _a20061002d1893 |||y0rusy50 ca | ||
| 101 | 0 | _arus | |
| 102 | _aRU | ||
| 105 | _aa z ||||| | ||
| 200 | 1 | _aСоглашение о прямом Закаспийско-Кавказско-Черноморском через Узун-Ада грузовом сообщении между Закаспийской военной железной дорогой и пароходством "Масис" | |
| 210 |
_aСанкт-Петербург _d1893 |
||
| 215 |
_a36, 8 с., 5 л. табл. _d17 |
||
| 710 | 0 | 2 |
_aСредне-азиатская железная дорога _cдо 1917 г. _9532519 _3RU\NLR\AUTH\8810017337 |
| 712 | 0 | 2 | _a"Масис", пароходство |
| 801 | 0 |
_aRU _bNLR _gpsbo |
|
| 801 | 0 |
_aRU _bRuMoRGB _2psbo |
|
| 801 | 1 |
_aRU _bProSoft-M _2rusmarc |
|
| 852 |
_aNLR _j18.283.5.43 |
||
| 899 |
_aRuMoRGB _jA 206/2133 |
||
| 942 | _cBOOK | ||
| 980 | _aNB | ||